000 00643nam a22002057a 4500
999 _c7568
_d7568
003 OSt
005 20211206111740.0
008 211206b ||||| |||| 00| 0 eng d
020 _a9781259253331
040 _cDDC
082 _a338.60 BRE 2017
100 _aBrealey, Richard A.;Stewart C. Myers; Franklin, Allen
_915486
245 _aPrinciples of Corporate Finance
250 _aTwelfth edition
260 _aNew York:
_bMcGraw-Hill;
_c2017
300 _axxvii, 896, 18, 22 pages :
_b illustrations ;
_c27 cm
504 _aIncludes bibliographical references and index.
650 _aCorporations -- Finance.
_915487
942 _2ddc
_cBOOK